00943nam a2200217 a 4500001001000000003000500010005001700015008004100032010001100073011001100084040000900095100003400104245022000138260004100358500006000399502010300459650004500562650002200607650002600629856007000655000115060CHAP20220329144512.0180919s2018 mx a sm |||||||spa d a111521 a112493 cCHAP1 aTorres Villalpando, Estefani.10aFormulación y evaluación de proyecto de inversión invernadero para producción de tomate saladette (Lycopersicum esculentum Mill) en San Pablo Ixayoc, Texcoco /h[En línea]cpor Estefani Torres Villalpando. aChapingo, Méx. :bEl autor,c2018. aPara ver el contenido del material haga clic en la liga aTesis (Lic. en Comercio Internacional) -- UACH. División de Ciencias Económico Administrativas14aInvernaderosxDiseño y construcción.14aTomatexMercadeo.14aTomatexProducción. aFinding aiduhttp://10.13.5.2/tesis/sist115060.pdfzTeclea aquí